00663nam a2200181 a 450000100100000000500170001000800410002704000250006808200130009311000320010624000180013824501010015626000470025730000210030459000260032595201130035199900170046400004764120201002060642.0130425s1997 dr 000 0 spa d aDO-SdBNPbspacBNPHU a343.72931 aRepública Dominicana944710a[Leyes, etc.]10aLey No. 241 de tránsito de vehículos :bG.O. No. 9068, de enero 1968 con sus modificaciones. aSanto Domingo :bEditora Tavárez,c1997. a146 p. ;c21 cm. aInventariado, 2018/VM 0010718PDaPDbPDcHDd2018-07-06iLF1l0o343.7293 p47641-10r2020-06-25w2020-06-25yLFPDZNo se presta c47129d47129